New Headway English Course: Intermediate Student's book/ (Record no. 6765)
[ view plain ]
| 000 -LEADER | |
|---|---|
| fixed length control field | 00678nam a22002177a 4500 |
| 003 - CONTROL NUMBER IDENTIFIER | |
| control field | BUBTL |
| 008 - FIXED-LENGTH DATA ELEMENTS--GENERAL INFORMATION | |
| fixed length control field | 220814b ||||| |||| 00| 0 eng d |
| 020 ## - INTERNATIONAL STANDARD BOOK NUMBER | |
| International Standard Book Number | 9780194702232 |
| 082 ## - DEWEY DECIMAL CLASSIFICATION NUMBER | |
| Classification number | 428.34/ So11n |
| 100 ## - MAIN ENTRY--PERSONAL NAME | |
| 9 (RLIN) | 4612 |
| Personal name | Soars, Liz |
| 245 ## - TITLE STATEMENT | |
| Title | New Headway English Course: Intermediate Student's book/ |
| Statement of responsibility, etc. | Liz Soars, John Soars |
| 250 ## - EDITION STATEMENT | |
| Edition statement | 1st Edn. |
| 260 ## - PUBLICATION, DISTRIBUTION, ETC. (IMPRINT) | |
| Place of publication, distribution, etc. | Oxford: |
| Name of publisher, distributor, etc. | Oxford University Press, |
| 300 ## - PHYSICAL DESCRIPTION | |
| Extent | 159 p. : |
| Other physical details | ills.; |
| Dimensions | 28 cm. |
| 505 ## - FORMATTED CONTENTS NOTE | |
| Formatted contents note | <br/>English language, New Headway, Intermediate, Student's book |
| 650 #0 - SUBJECT ADDED ENTRY--TOPICAL TERM | |
| 9 (RLIN) | 194 |
| Topical term or geographic name as entry element | English Language |
| 700 ## - ADDED ENTRY--PERSONAL NAME | |
| 9 (RLIN) | 55 |
| Personal name | Soars, John |
| 856 ## - ELECTRONIC LOCATION AND ACCESS | |
| Password | 0 |
| Logon | 0 |
| Link text | Download |
| 942 ## - ADDED ENTRY ELEMENTS (KOHA) | |
| Source of classification or shelving scheme | |
| Koha item type | Books |
| Withdrawn status | Lost status | Source of classification or shelving scheme | Damaged status | Not for loan | Collection code | Permanent location | Current location | Shelving location | Date acquired | Source of acquisition | Inventory number | Total Checkouts | Full call number | Barcode | Date last seen | Copy number | Price effective from | Koha item type |
|---|---|---|---|---|---|---|---|---|---|---|---|---|---|---|---|---|---|---|
| Not For Loan | Non-fiction | Bangladesh University of Business and Technology Library | Bangladesh University of Business and Technology Library | English Literature Stacks | 06/01/2022 | Purchase | 36 | 428.34/ So11n | BUBTL-200336 | 10/25/2022 | C-1 | 10/25/2022 | Books | |||||
| Non-fiction | Bangladesh University of Business and Technology Library | Bangladesh University of Business and Technology Library | English Literature Stacks | 05/12/2002 | Purchase | 698 | 428.34/ So11n | BUBTL-2003698 | 10/25/2022 | C-2 | 10/25/2022 | Books | ||||||
| Non-fiction | Bangladesh University of Business and Technology Library | Bangladesh University of Business and Technology Library | English Literature Stacks | 08/20/2002 | Purchase | 783 | 428.34/ So11n | BUBTL-2003783 | 10/25/2022 | C-3 | 10/25/2022 | Books |
